Círculos de estudios cooperativos

সংরক্ষণ করুন:
গ্রন্থ-পঞ্জীর বিবরন
সংস্থা লেখক: Instituto Nacional de Fomento Cooperativo (Costa Rica)
বিন্যাস: পাঠ‍্য
প্রকাশিত: San José: INFOCOOP Publicaciones
ট্যাগগুলো: ট্যাগ যুক্ত করুন
কোনো ট্যাগ নেই, প্রথমজন হিসাবে ট্যাগ করুন!

MARC

LEADER 00000 a a2200000 04500
001 17160
003
040
090 |a 004900  
110 |a Instituto Nacional de Fomento Cooperativo (Costa Rica)  
245 |a Círculos de estudios cooperativos  
260 |a San José:   |b INFOCOOP Publicaciones  
300 |a 10 p.  
999 |c 14306  |d 14306